| 000 | 01085cam a22003375i 4500 | ||
|---|---|---|---|
| 001 | 011374313 | ||
| 003 | EG-ScBUE | ||
| 005 | 20230116151715.0 | ||
| 008 | 900216s1988 ja a f b 000 0 eng d | ||
| 020 | _a4770014031 (Japan) | ||
| 020 | _a0870119036 (U.S.) | ||
| 020 | _a9780870119033 | ||
| 040 |
_aUk _beng _erda _cUk _dEG-ScBUE |
||
| 082 | 0 | 4 |
_a749.213 _bNAK _222 |
| 100 | 1 |
_aNakashima, George, _d1905-1990, _eauthor. |
|
| 245 | 1 | 4 |
_aThe soul of a tree : _ba woodworker's reflections / _cGeorge Nakashima ; introduction by George Wald. |
| 264 | 1 |
_aTokyo : _bKodansha International, _c1988. |
|
| 300 |
_axxi, 221 pages : _billustrations ; _c28 cm |
||
| 336 |
_2rdacontent _atext _btxt |
||
| 337 |
_2rdamedia _aunmediated _bn |
||
| 338 |
_2rdacarrier _avolume _bnc |
||
| 504 | _aIncludes bibliographical references. | ||
| 650 | 7 |
_aFurniture making. _2BUEsh |
|
| 650 | 7 |
_aTrees. _2BUEsh |
|
| 651 | _2BUEsh | ||
| 653 |
_bGGEN _cMay2019 |
||
| 655 | _vReading book | ||
| 942 |
_2ddc _cBB |
||
| 999 |
_c27479 _d27450 |
||